Liberalism : A socio-economic exposition

Sparad:
Bibliografiska uppgifter
Huvudupphovsman: Mises, Ludwig von
Materialtyp: Bok
Språk:Undetermined
Publicerad: Mission, Kan Sheed Andrews and McMeel 1978
Ämnen:
Taggar: Lägg till en tagg
Inga taggar, Lägg till första taggen!
Thư viện lưu trữ: Trung tâm Học liệu Trường Đại học Cần Thơ
LEADER 00596nam a2200181Ia 4500
001 CTU_79288
008 210402s9999 xx 000 0 und d
082 |a 320.5 
082 |b M678 
100 |a Mises, Ludwig von 
245 0 |a Liberalism : 
245 2 |b A socio-economic exposition 
245 0 |c Ludwig von Mises ; Translated by Ralph Raico ; Edited by Arthur Goddard ; Foreword to the 2nd ed. by Louis M. Spadaro 
260 |a Mission, Kan 
260 |b Sheed Andrews and McMeel 
260 |c 1978 
650 |a Economics,Liberalism 
980 |a Trung tâm Học liệu Trường Đại học Cần Thơ